MARC보기
LDR00000nam c2200205 c 4500
001000000339436
00520251211101250
007ta
008251118s2025 ulk r 000af kor
020 ▼a 9788932044057 ▼g 03810 : ▼c \5500
040 ▼a 248032 ▼c 248032 ▼d 248032
0490 ▼l EM111527
056 ▼a 813.6 ▼2 4
090 ▼a 813.6 ▼b 김78`2ㅅ
24520 ▼a 소설 보다 여름 2025 / ▼d 김지연, ▼e 이서아, ▼e 함윤이
250 ▼a 초판
260 ▼a 서울 : ▼b 문학과지성사, ▼c 2025
300 ▼a 178 p. ; ▼c 19 cm
50500 ▼t 무덤을 보살피다 / ▼d 김지연 -- ▼t 방랑, 파도 / ▼d 이서아 -- ▼t 우리의 적들이 산을 오를 때 / ▼d 함윤이
653 ▼a 한국소설 ▼a 한국현대소설 ▼a 한국문학
7001 ▼a 김지연, ▼e 저
7001 ▼a 이서아, ▼e 공저
7001 ▼a 함윤이, ▼e 공저
740 2 ▼a 무덤을 보살피다
740 2 ▼a 방랑, 파도
740 2 ▼a 우리의 적들이 산을 오를 때
9500 ▼b \5500
990 ▼a 관리자2 ▼b 관리자2